Rubber explotation at krek rubber plantation company ការធ្វើអាជីវកម្មកៅស៊ូនៅក្រុមហ៊ុនចំការកៅស៊ូក្រែក (Record no. 430)
[ view plain ]
| 000 -LEADER | |
|---|---|
| fixed length control field | 00553nam a22001577a 4500 |
| 003 - CONTROL NUMBER IDENTIFIER | |
| control field | OSt |
| 005 - DATE AND TIME OF LATEST TRANSACTION | |
| control field | 20150914112158.0 |
| 008 - FIXED-LENGTH DATA ELEMENTS--GENERAL INFORMATION | |
| fixed length control field | 150914b xxu||||| |||| 00| 0 eng d |
| 040 ## - CATALOGING SOURCE | |
| Transcribing agency | RUA |
| 082 ## - DEWEY DECIMAL CLASSIFICATION NUMBER | |
| Classification number | AGR LY 1999 B021 Or.1 |
| 100 ## - MAIN ENTRY--PERSONAL NAME | |
| 9 (RLIN) | 451 |
| Personal name | LY, SIKHEANG. |
| 245 ## - TITLE STATEMENT | |
| Title | Rubber explotation at krek rubber plantation company ការធ្វើអាជីវកម្មកៅស៊ូនៅក្រុមហ៊ុនចំការកៅស៊ូក្រែក |
| 260 ## - PUBLICATION, DISTRIBUTION, ETC. (IMPRINT) | |
| Place of publication, distribution, etc. | Phnom Penh |
| Name of publisher, distributor, etc. | RUA |
| Date of publication, distribution, etc. | 1999 |
| 300 ## - PHYSICAL DESCRIPTION | |
| Extent | 62p. |
| Other physical details | ill. |
| Dimensions | 29cm. |
| 942 ## - ADDED ENTRY ELEMENTS (KOHA) | |
| Source of classification or shelving scheme | |
| Koha item type | AGR |
| Price effective from | Date last seen | Permanent Location | Not for loan | Date acquired | Source of classification or shelving scheme | Koha item type | Barcode | Lost status | Damaged status | Shelving location | Withdrawn status | Current Location | Full call number |
|---|---|---|---|---|---|---|---|---|---|---|---|---|---|
| 2015-09-14 | 2015-09-14 | Library Block B | 2015-09-14 | AGR | RUA005155 | B021 | Library Block B | AGR LY 1999 B021 Or.1 | |||||
| 2015-09-14 | 2015-09-14 | Library Block B | 2015-09-14 | AGR | RUA004188 | B021 | Library Block B | AGR LY 1999 B021 Or.2 | |||||
| 2015-09-14 | 2015-09-14 | Library Block B | 2015-09-14 | AGR | RUA004047 | B021 | Library Block B | AGR LY 1999 B021 Or.3 | |||||
| 2015-09-14 | 2015-09-14 | Library Block B | 2015-09-14 | AGR | RUA004192 | B021 | Library Block B | AGR LY 1999 B021 Or.4 | |||||
| 2015-09-14 | 2015-09-14 | Library Block B | 2015-09-14 | AGR | RUA004024 | B021 | Library Block B | AGR LY 1999 B021 Or.5 | |||||
| 2015-09-14 | 2015-09-14 | Library Block B | 2015-09-14 | AGR | RUA004048 | B021 | Library Block B | AGR LY 1999 B021 Or.6 | |||||
| 2015-09-14 | 2015-09-14 | Library Block B | 2015-09-14 | AGR | RUA004044 | B021 | Library Block B | AGR LY 1999 B021 Or.7 | |||||
| 2015-09-14 | 2015-09-14 | Library Block B | 2015-09-14 | AGR | RUA005010 | B021 | Library Block B | AGR LY 1999 B021 Or.8 | |||||
| 2015-09-14 | 2015-09-14 | Library Block B | 2015-09-14 | AGR | RUA005077 | B021 | Library Block B | AGR LY 1999 B021 Or.9 | |||||
| 2025-07-23 | 2025-07-23 | Library Block B | 2025-07-23 | AGR | A084506 | B021 | Library Block B | AGR LY 1999 B021 Or.1 |